| 000 | 00499nam a2200205Ia 4500 | ||
|---|---|---|---|
| 003 | OSt | ||
| 005 | 20251030155123.0 | ||
| 008 | 210210b1994 xxu||||| |||| 00| 0 eng d | ||
| 040 |
_aAL _c |
||
| 041 | _aeng | ||
| 082 | _a519.5 GUPB | ||
| 100 |
_aGupta S C _936844 |
||
| 110 |
_aIndra Gupta _9243279 |
||
| 245 | _aBusiness statistics | ||
| 260 |
_aDelhi _bHimalaya Publishing House _c1994 |
||
| 300 | _axvi,878p | ||
| 690 |
_aBusiness Statistics _936845 |
||
| 906 | _a052102 | ||
| 942 |
_2ddc _cBK |
||
| 999 |
_c100386 _d100386 |
||